| 000 | 00672 a2200169 4500 | ||
|---|---|---|---|
| 003 | Nust | ||
| 005 | 20230125125559.0 | ||
| 040 | _cNust | ||
| 082 | _a428.007,MAR | ||
| 100 |
_aWren,P.C and Martin.H _9107637 |
||
| 245 |
_aHigh school English grammar and composition / _cP.C.Wren and H.Martin |
||
| 260 |
_aRawalpindi _bMahmood brothers |
||
| 300 | _aviii,418p | ||
| 505 | _aBook 1 Grammar (Page-3), Book II Composition part 1 Analysis, transformation and synthesis (Page-149-157), Part II Correct usage (Page-235-237), Part III Structures (Page-299-305), Part IV Written composition (Page-315-318). | ||
| 650 |
_aEnglish grammar _965054 |
||
| 942 |
_2ddc _cBK _k428.007,MAR |
||
| 999 |
_c208654 _d208654 |
||